000 00301nam a22001337a 4500
008 190227b xxu||||| |||| 00| 0 eng d
020 _a9780534593971
041 _aeng
080 _a371
100 _a25
101 _aEDU
245 _aThe essential College Experience
_cJewler, G
942 _2udc
_cBK
999 _c54384
_d54384